HEALTH EDUCATION AND COMMUNITY PHARMACY (Record no. 5971)

MARC details
000 -LEADER
fixed length control field 00381nam a22001457a 4500
005 - DATE AND TIME OF LATEST TRANSACTION
control field 20240110121344.0
008 - FIXED-LENGTH DATA ELEMENTS--GENERAL INFORMATION
fixed length control field 190910b xxu||||| |||| 00| 0 eng d
020 ## - INTERNATIONAL STANDARD BOOK NUMBER
ISBN 81-256-0039-6
041 ## - LANGUAGE CODE
Language code of text/sound track or separate title eng
100 ## - MAIN ENTRY--AUTHOR NAME
Personal name CHATURVEDI, SUSHMA AND SUMAN, NEERJA,
245 ## - TITLE STATEMENT
Title HEALTH EDUCATION AND COMMUNITY PHARMACY
260 ## - PUBLICATION, DISTRIBUTION, ETC. (IMPRINT)
Place of publication DELHI
Name of publisher TARA PUBLISHERS
300 ## - PHYSICAL DESCRIPTION
Number of Pages 133p,
942 ## - ADDED ENTRY ELEMENTS (KOHA)
Koha item type Books
Holdings
Lost status Damaged status Collection code Home library Current library Shelving location Date acquired Source of acquisition Cost, normal purchase price Accession Number Koha item type
    PHARMACY JRU Library JRU Library SHELF - 19 - H 10/09/2019 PURCHESS 120.00 23461 Books
    PHARMACY JRU Library JRU Library SHELF - 19 - H 10/09/2019 PURCHESS 120.00 23462 Books
    Reference JRU Library JRU Library SHELF-4-D 10/09/2019 PURCHESS 120.00 23463 Books
    PHARMACY JRU Library JRU Library SHELF - 19 - H 10/09/2019 PURCHESS 120.00 23464 Books